000 00673nam a2200265Ia 4500
005 20260121170327.0
008 008 260114s9999 xx 000 0 eng d
020 _a9789811057861
037 _aEBOOK
040 _aCRL
040 _beng
040 _cCRL
041 _2eng
041 _aeng
084 _qCRL
100 _aAshraf Mishrif, Yousuf Al Balushi
_91062546
245 0 _aEconomic Diversification in the Gulf Region, Volume II
260 _bSpringer
260 _bSpringer
260 _c2018
856 _uhttps://link.springer.com/openurl?genre=book&isbn=978-981-10-5786-1
942 _cEBOOK
999 _c1628275
_d1628275